[Event "Issy les Moulineaux tt"]
[Site "Issy les Moulineaux"]
[Date "2008.11.23"]
[Round "3.1"]
[White "Derigny, Philippe"]
[Black "Kornman, Serge"]
[Result "1/2-1/2"]
[WhiteElo "2007"]
[BlackElo "2139"]
[PlyCount "106"]
[EventDate "2008.10.19"]
[EventType "team-tourn"]
[EventRounds "7"]
[EventCountry "FRA"]
[SourceTitle "EXT 2010"]
[Source "ChessBase"]
[SourceDate "2010.11.25"]
[SourceVersion "1"]
[SourceVersionDate "2010.11.25"]
[SourceQuality "1"]
[WhiteTeam "Tours de Haute Picardie  II"]
[BlackTeam "Tour Blanche"]
[WhiteTeamCountry "FRA"]
[BlackTeamCountry "FRA"]

1. e4 e6 2. d4 d5 3. Nc3 Nf6 4. e5 Nfd7 5. Nce2 c5 6. c3 b5 7. f4 Nc6 8. Nf3 b4 9. Be3 Qa5 10. Kf2 Be7 11. g3 Ba6 12. Bd2 Qb6 13. Be3 bxc3 14. bxc3 Rb8 15. Nd2 0-0 16. Nb3 c4 17. Nd2 Ba3 18. Bh3 Qa5 19. Nf3 Bb2 20. Qc2 Bxa1 21. Ng5 g6 22. Rxa1 Nd8 23. Bg4 Qa3 24. Bc1 Qa5 25. h4 Kg7 26. h5 Bb5 27. a4 Bc6 28. Ba3 Rh8 29. Be7 Qb6 30. h6+ Kg8 31. Bxd8 Qxd8 32. a5 Qe7 33. Ng1 Kf8 34. N1f3 Ke8 35. Nxf7 Qxf7 36. Ng5 Qe7 37. Nxe6 Nf8 38. Ng7+ Kd8 39. e6 Rg8 40. Qe2 Rxg7 41. hxg7 Qxg7 42. Re1 Rb7 43. a6 Rc7 44. Qb2 Qe7 45. Qb8+ Rc8 46. Qe5 h5 47. Bh3 Nh7 48. Rb1 Ng5 49. Rb8 Ne4+ 50. Kg2 Nd6 51. Rb2 Kc7 52. Kh2 Re8 53. Rf2 Kc8 1/2-1/2